000 00684cam a22002411 4500
001 sa 63001801
003 DLC
005 20260227111930.0
008 890913s1962 ii a 000 1 pano
010 _asa 63001801
025 _aPL480:I-Pu-172
035 _a(OCoLC)20335744
040 _aDLC
_cWaU
_dNSyU
_dDLC
042 _apremarc
050 0 0 _aPK2659.S46
_bS2
100 1 _aSingh, Gurbaksh,
_d1895-
245 1 0 _aSahārā te hora kahāṇīāṃ,
_cGurabhak̲h̲asha Siṅgha.
260 _aAmmritasara,
_bSawerā Sāhitta Pabalisharza
_c[1962]
300 _a107 p.
_billus.
_c19 cm.
490 0 _aSawera sahit series,
_vno. 5
500 _aIn Panjabi.
500 _aA novel.
999 _c54152
_d54152